Multicultural journalism : critical reflexivity in news practice / Margarete Thompson. (Record no. 82014)
[ view plain ]
| 000 -LEADER | |
|---|---|
| fixed length control field | 00502nam a22001697a 4500 |
| 003 - CONTROL NUMBER IDENTIFIER | |
| control field | URS |
| 005 - DATE AND TIME OF LATEST TRANSACTION | |
| control field | 20250206003206.0 |
| 008 - FIXED-LENGTH DATA ELEMENTS--GENERAL INFORMATION | |
| fixed length control field | 250205b |||||||| |||| 00| 0 eng d |
| 020 ## - INTERNATIONAL STANDARD BOOK NUMBER | |
| International Standard Book Number | 9781138066427 |
| 040 ## - CATALOGING SOURCE | |
| Transcribing agency | URS |
| 050 ## - LIBRARY OF CONGRESS CALL NUMBER | |
| Classification number | FR PN 4700 .T468 2024 |
| 245 ## - TITLE STATEMENT | |
| Title | Multicultural journalism : critical reflexivity in news practice / Margarete Thompson. |
| 260 ## - PUBLICATION, DISTRIBUTION, ETC. | |
| Place of publication, distribution, etc. | New York, USA : Routledge, 2024 |
| 300 ## - PHYSICAL DESCRIPTION | |
| Extent | xvi, 231 ; 23 cm |
| 504 ## - BIBLIOGRAPHY, ETC. NOTE | |
| Bibliography, etc. note | Includes bibliographical references. |
| 942 ## - ADDED ENTRY ELEMENTS (KOHA) | |
| Source of classification or shelving scheme | Library of Congress Classification |
| Koha item type | Foreign Books |
| Withdrawn status | Source of classification or shelving scheme | Damaged status | Not for loan | Home library | Current library | Date acquired | Source of acquisition | Total Checkouts | Full call number | Barcode | Date last seen | Copy number | Price effective from | Koha item type |
|---|---|---|---|---|---|---|---|---|---|---|---|---|---|---|
| Library of Congress Classification | Angono College Library | Angono College Library | 12/12/2024 | Library Fund | FR PN 4700 .T468 2024 | URSANG-7634 | 02/06/2025 | 1 | 02/06/2025 | Foreign Books |